TEXTBOOK OF INORGANIC PHARMACEUTICAL MEDICINAL CHEMISTRY (Record no. 32913)

MARC details
000 -LEADER
fixed length control field 00371nam a22001577a 4500
003 - CONTROL NUMBER IDENTIFIER
control field SGT
020 ## - INTERNATIONAL STANDARD BOOK NUMBER
International Standard Book Number 978-81-239-1919-5
082 ## - DEWEY DECIMAL CLASSIFICATION NUMBER
Classification number 615.19
Item number QAD
100 ## - MAIN ENTRY--PERSONAL NAME
Personal name QADRY, J.S.
245 ## - TITLE STATEMENT
Title TEXTBOOK OF INORGANIC PHARMACEUTICAL MEDICINAL CHEMISTRY
250 ## - EDITION STATEMENT
Edition statement 7TH
260 ## - PUBLICATION, DISTRIBUTION, ETC. (IMPRINT)
Place of publication, distribution, etc INDIA
Name of publisher, distributor, etc CBS PUB.
Year of Publication 2024
300 ## - PAGE DESCRIPTION
No. of Pages 281
650 ## - SUBJECT ADDED ENTRY--TOPICAL TERM
Topical term or geographic name as entry element PHARMACEUTICAL
942 ## - ADDED ENTRY ELEMENTS (KOHA)
Source of classification or shelving scheme Dewey Decimal Classification
Koha item type Books
Holdings
Withdrawn status Lost status Source of classification or shelving scheme Damaged status Not for loan Collection code Home library Current library Shelving location Date acquired Vendor Name Cost, normal purchase price SGTU Bill Number Full call number Accession No. (Barcode) Date last seen Bill Date Koha item type Total Checkouts
    Dewey Decimal Classification   Not For Loan SCIENCE SGT Science & Social Sciences Library SGT Science & Social Sciences Library Reference Book 27/10/2025 ABC 495.00 SGTU 21721 615.19 QAD DP751 27/10/2025 17/09/2025 Books  
    Dewey Decimal Classification     SCIENCE SGT Science & Social Sciences Library SGT Science & Social Sciences Library Text Book 27/10/2025 ABC 495.00 SGTU 21721 615.19 QAD DP752 27/10/2025 17/09/2025 Books  
    Dewey Decimal Classification     SCIENCE SGT Science & Social Sciences Library SGT Science & Social Sciences Library Text Book 27/10/2025 ABC 495.00 SGTU 21721 615.19 QAD DP753 27/10/2025 17/09/2025 Books  
    Dewey Decimal Classification     SCIENCE SGT Science & Social Sciences Library SGT Science & Social Sciences Library Text Book 27/10/2025 ABC 495.00 SGTU 21721 615.19 QAD DP754 27/10/2025 17/09/2025 Books  
    Dewey Decimal Classification     SCIENCE SGT Science & Social Sciences Library SGT Science & Social Sciences Library Text Book 27/10/2025 ABC 495.00 SGTU 21721 615.19 QAD DP755 27/10/2025 17/09/2025 Books